| 000 | 00650nam a2200229Ia 4500 | ||
|---|---|---|---|
| 003 | OSt | ||
| 005 | 20220928122119.0 | ||
| 006 | a|||||r|||| 00| 0 | ||
| 007 | ta | ||
| 008 | 220927b |||||||| |||| 00| 0 eng d | ||
| 024 | _a42930 | ||
| 037 | _cTextual | ||
| 040 |
_aSDCL _cSDCL _beng |
||
| 041 |
_2eng _aeng |
||
| 082 | _aXM8:8:(Z,555), P4 | ||
| 100 |
_aO'Gara John D _9456127 |
||
| 245 | 0 |
_aCorporate fraud _b Case studies in detection and prevention |
|
| 260 |
_aNew Jersey _bJohn Wiley & Sons _c2004 |
||
| 300 |
_axiv,202p _ccm. |
||
| 942 |
_hXM8:8:(Z,555), P4 _cTEXL _2CC |
||
| 999 |
_c769761 _d769761 |
||